Vista normal
Vista MARC
Entrada Personal Name
Número de registros utilizados en: 1
001 - CONTROL NUMBER
- control field: 3067
003 - CONTROL NUMBER IDENTIFIER
- control field: OSt
005 - DATE AND TIME OF LATEST TRANSACTION
- control field: 20200415151623.0
008 - FIXED-LENGTH DATA ELEMENTS
- fixed length control field: 200415|| aca||aabn | a|a d
040 ## - CATALOGING SOURCE
- Original cataloging agency: OSt
- Transcribing agency: OSt
100 ## - HEADING--PERSONAL NAME
- Personal name: Solana, María Teresa,
670 ## - SOURCE DATA FOUND
- Source citation: Work cat.: (OSt)4069: French, Vivian, autora 3065, La silla fantástica de Tili Maguili / , 1996